[Event "NAYCC U14"]
[Site "Kingston CAN"]
[Date "2019.08.20"]
[Round "9.139"]
[White "Wei, Hunter"]
[Black "Ivanescu, Mark"]
[Result "0-1"]
[WhiteElo "1530"]
[BlackElo "1985"]
[PlyCount "130"]
[EventDate "2019.08.16"]
[EventType "swiss"]
[EventRounds "9"]
[EventCountry "CAN"]

1. e4 e6 2. d4 d5 3. e5 c5 4. c3 Nc6 5. Nf3 Nge7 6. a3 Qc7 7. Bf4 Bd7 8. b4 c4
9. Be2 h6 10. h3 O-O-O 11. O-O f5 12. a4 g5 13. Bd2 Be8 14. Na3 Ng6 15. g3 g4
16. hxg4 fxg4 17. Nh2 h5 18. a5 Qh7 19. Bg5 Be7 20. Bxe7 Ncxe7 21. Rb1 Nf5 22.
b5 h4 23. Nxg4 hxg3 24. fxg3 Ne3 25. Qd2 Nxf1 26. Rxf1 Qh3 27. Qe3 Ne7 28. Kf2
Nf5 29. Qf3 Bh5 30. Rh1 Qxg4 31. Rxh5 Qxf3+ 32. Bxf3 Rxh5 33. Bxh5 Rh8 34. g4
Ng7 35. Bg6 Rh2+ 36. Kg3 Ra2 37. Nb1 Rxa5 38. Kf4 Kd8 39. Kg5 Ke7 40. Nd2 Rxb5
41. Bh7 a5 42. Nf3 a4 43. Nh4 a3 44. Ng6+ Kd8 45. Kf6 Ne8+ 46. Kf7 a2 47. Nf4
Rb6 48. Nxe6+ Rxe6 49. Kxe6 Nc7+ 50. Kf7 a1=Q 51. e6 Qxc3 52. e7+ Kd7 53. g5
Qf3+ 54. Kg7 Kxe7 55. Bg8 Qf8+ 56. Kh7 Qxg8+ 57. Kxg8 c3 58. g6 c2 59. g7 Ne6
60. Kh7 Nxg7 61. Kxg7 c1=Q 62. Kg6 Qf4 63. Kh5 Qg3 64. Kh6 Kf6 65. Kh7 Qg7# 0-1

[Event "NAYCC U14"]
[Site "Kingston CAN"]
[Date "2019.08.20"]
[Round "9.140"]
[White "He, Jinglai"]
[Black "Wang, Edward"]
[Result "0-1"]
[WhiteElo "1398"]
[BlackElo "1111"]
[PlyCount "72"]
[EventDate "2019.08.16"]
[EventType "swiss"]
[EventRounds "9"]
[EventCountry "CAN"]

1. c4 e5 2. Nc3 Nf6 3. g3 Bc5 4. Bg2 Nc6 5. e4 O-O 6. Nge2 d6 7. h3 Be6 8. d3
Nd7 9. O-O f5 10. Kh2 fxe4 11. Nxe4 Bd4 12. Nxd4 Nxd4 13. Be3 Nf5 14. g4 Nxe3
15. fxe3 Rb8 16. Nc3 Qg5 17. Nb5 Rxf1 18. Qxf1 Qxe3 19. Nxc7 Bf7 20. Bd5 Bxd5
21. Nxd5 Qd2+ 22. Kg3 Qxb2 23. Re1 Qxa2 24. Qf5 Rf8 25. Qe6+ Kh8 26. Nf4 exf4+
27. Kf3 Ne5+ 28. Rxe5 dxe5 29. Qxe5 Qh2 30. Qc5 Qg3+ 31. Ke2 Qg2+ 32. Kd1 Kg8
33. g5 Qc6 34. Qxa7 f3 35. Qa2 f2 36. c5+ Kh8 0-1

[Event "NAYCC U14"]
[Site "Kingston CAN"]
[Date "2019.08.20"]
[Round "9.141"]
[White "Albury, Noah"]
[Black "De Costa, Benjamin"]
[Result "0-1"]
[WhiteElo "1508"]
[BlackElo "1332"]
[PlyCount "38"]
[EventDate "2019.08.16"]
[EventType "swiss"]
[EventRounds "9"]
[EventCountry "CAN"]

1. e4 c5 2. Nc3 Nc6 3. f4 e6 4. Nf3 a6 5. Be2 Qc7 6. d3 d6 7. O-O Be7 8. Qe1
Nd4 9. Bd1 Bf6 10. Nxd4 cxd4 11. Ne2 Ne7 12. Qg3 O-O 13. Bd2 g6 14. c3 dxc3 15.
Nxc3 Qb6+ 16. Qe3 Bd4 17. Qxd4 Qxd4+ 18. Kh1 Qxd3 19. Be1 Qxf1# 0-1

[Event "NAYCC U14"]
[Site "Kingston CAN"]
[Date "2019.08.20"]
[Round "9.112"]
[White "Putnam, Liam Henry"]
[Black "Zheng, Richard Qinghe"]
[Result "1/2-1/2"]
[WhiteElo "2252"]
[BlackElo "2180"]
[PlyCount "94"]
[EventDate "2019.08.16"]
[EventType "swiss"]
[EventRounds "9"]
[EventCountry "CAN"]

1. e4 c6 2. d4 d5 3. e5 c5 4. dxc5 e6 5. a3 Nc6 6. Nf3 Bxc5 7. b4 Bb6 8. Bb2
Nh6 9. Bd3 O-O 10. O-O Ne7 11. Nbd2 Ng6 12. Nb3 Bd7 13. a4 a6 14. Qd2 Qe8 15.
a5 Ba7 16. h4 Bb5 17. g3 Bxd3 18. cxd3 Ne7 19. Kg2 Nef5 20. Rac1 Rc8 21. Rxc8
Qxc8 22. Rc1 Qd7 23. Nfd4 Nxd4 24. Bxd4 Bxd4 25. Nxd4 Qe7 26. Qc3 f6 27. Qc7
Re8 28. Qxe7 Rxe7 29. b5 fxe5 30. Rc8+ Kf7 31. bxa6 bxa6 32. Nc6 Re8 33. Nxe5+
Kf8 34. Nd7+ Ke7 35. Rxe8+ Kxe8 36. Nc5 Ke7 37. Nxa6 Kd6 38. Nb4 Kc5 39. d4+
Kb5 40. a6 Kb6 41. Nd3 Nf5 42. Kf3 Nxd4+ 43. Kf4 Nc6 44. h5 Kxa6 45. Nc5+ Kb5
46. Nxe6 Kc4 47. Nxg7 Ne7 1/2-1/2

[Event "NAYCC U14"]
[Site "Kingston CAN"]
[Date "2019.08.20"]
[Round "9.113"]
[White "Kang, Dorian"]
[Black "Tanaka, Tyler"]
[Result "1/2-1/2"]
[WhiteElo "2209"]
[BlackElo "2227"]
[PlyCount "78"]
[EventDate "2019.08.16"]
[EventType "swiss"]
[EventRounds "9"]
[EventCountry "CAN"]

1. e4 c5 2. Nf3 d6 3. d4 cxd4 4. Nxd4 Nf6 5. f3 Nc6 6. c4 Qb6 7. Nc2 g6 8. Nc3
Bg7 9. Rb1 Ng4 10. Qd2 Nf6 11. Qe3 Qd8 12. Be2 O-O 13. O-O Ne8 14. Nd5 f5 15.
exf5 Bxf5 16. Bd3 Bd7 17. Be4 e6 18. Nc3 Qf6 19. Bd2 Nc7 20. Rfd1 Ne5 21. b3
Bc6 22. Be1 Rfd8 23. Nb4 Bxe4 24. Nxe4 Qe7 25. c5 d5 26. Nd6 Ne8 27. Bg3 Nc6
28. Nxc6 bxc6 29. Re1 e5 30. Bxe5 Bxe5 31. Qxe5 Qxe5 32. Rxe5 Nxd6 33. cxd6
Rxd6 34. Re7 a5 35. Rc1 a4 36. b4 a3 37. Re3 d4 38. Rd3 Ra4 39. Rc4 Re6 1/2-1/2

[Event "NAYCC U14"]
[Site "Kingston CAN"]
[Date "2019.08.20"]
[Round "9.114"]
[White "Oberoi, Shelev"]
[Black "Wu, Tony (Dongze)"]
[Result "1-0"]
[WhiteElo "2140"]
[BlackElo "2127"]
[PlyCount "111"]
[EventDate "2019.08.16"]
[EventType "swiss"]
[EventRounds "9"]
[EventCountry "CAN"]

1. e4 c5 2. Nf3 d6 3. d4 cxd4 4. Qxd4 Nc6 5. Bb5 Bd7 6. Bxc6 bxc6 7. c4 Nf6 8.
Nc3 g6 9. O-O Bg7 10. h3 O-O 11. Qd3 Rb8 12. Rb1 Be6 13. Nd4 Qc8 14. Be3 Nd7
15. f4 Nc5 16. Qe2 Bd7 17. b4 Na6 18. a3 c5 19. Ndb5 Rb7 20. Nd5 Re8 21. g4 Qb8
22. f5 cxb4 23. axb4 Bxb5 24. cxb5 Nc7 25. fxg6 fxg6 26. Qf3 Nxd5 27. exd5 Qc8
28. Qf7+ Kh8 29. Rbc1 Qd7 30. b6 axb6 31. Rc6 Rf8 32. Qe6 Qxe6 33. dxe6 Rfb8
34. Rfc1 h6 35. g5 hxg5 36. Bxg5 Bd4+ 37. Kg2 Kg7 38. Rf1 Re8 39. Rf7+ Kg8 40.
Rc4 Be5 41. Bh6 Bf6 42. Rg4 Kh8 43. Rf4 Rbb8 44. Rg4 Rg8 45. Bg5 Bxg5 46. Rxg5
Rg7 47. Rf4 Kg8 48. Rfg4 Rf8 49. Rxg6 Rxg6 50. Rxg6+ Kh7 51. Rg5 Rg8 52. Rxg8
Kxg8 53. Kf3 Kg7 54. Ke4 Kf6 55. Kd5 Kf5 56. b5 1-0

[Event "NAYCC U14"]
[Site "Kingston CAN"]
[Date "2019.08.20"]
[Round "9.115"]
[White "Zong, Davis"]
[Black "Doknjas, Neil"]
[Result "1/2-1/2"]
[WhiteElo "2263"]
[BlackElo "2083"]
[PlyCount "68"]
[EventDate "2019.08.16"]
[EventType "swiss"]
[EventRounds "9"]
[EventCountry "CAN"]

1. d4 d5 2. c4 e6 3. Nc3 Nf6 4. Nf3 Be7 5. Bf4 O-O 6. e3 b6 7. cxd5 exd5 8. Bd3
c5 9. O-O Bb7 10. Rc1 Nbd7 11. Ne5 Nxe5 12. dxe5 Ne4 13. Qg4 Qc8 14. Qxc8 Raxc8
15. Bxe4 dxe4 16. Rfd1 Bc6 17. Nd5 Bxd5 18. Rxd5 Rfd8 19. Rcd1 Rxd5 20. Rxd5
Rd8 21. Rxd8+ Bxd8 22. f3 exf3 23. gxf3 Kf8 24. Bg3 Ke7 25. f4 Kd7 26. Kf2 Kc6
27. e4 c4 28. Ke3 g6 29. Be1 b5 30. Bc3 Bc7 31. h3 h6 32. a3 a5 33. Bd4 Bd8 34.
Bc3 Bc7 1/2-1/2

[Event "NAYCC U14"]
[Site "Kingston CAN"]
[Date "2019.08.20"]
[Round "9.116"]
[White "Hu, Merric"]
[Black "England, Max"]
[Result "1/2-1/2"]
[WhiteElo "2215"]
[BlackElo "1998"]
[PlyCount "159"]
[EventDate "2019.08.16"]
[EventType "swiss"]
[EventRounds "9"]
[EventCountry "CAN"]

1. e4 e5 2. Nf3 Nc6 3. Bc4 Bc5 4. d3 Nf6 5. c3 d6 6. O-O a5 7. a4 h6 8. Na3 O-O
9. Nc2 Ne7 10. Re1 Ng6 11. d4 Bb6 12. Bd3 Nh5 13. g3 Nf6 14. Kg2 Qd7 15. Ne3 c6
16. Nc4 Qh3+ 17. Kg1 Bc7 18. Bf1 Qh5 19. Bg2 Re8 20. Nfd2 Bg4 21. f3 Bh3 22.
dxe5 Nxe5 23. Nxe5 Bb6+ 24. Kh1 dxe5 25. Bxh3 Qxh3 26. Qe2 Rad8 27. Nc4 Bc7 28.
Be3 Nh5 29. Qg2 Qe6 30. Qe2 Rd7 31. Red1 Red8 32. Rxd7 Rxd7 33. Bb6 Bxb6 34.
Nxb6 Qh3 35. Qg2 Qxg2+ 36. Kxg2 Rd2+ 37. Kg1 Rxb2 38. Nc4 Rc2 39. Nxa5 b5 40.
Nxc6 bxa4 41. Rxa4 Rxc3 42. Nxe5 f6 43. Ng4 Rxf3 44. Kg2 Rd3 45. Ra5 g6 46.
Nxh6+ Kh7 47. Ng4 Rd2+ 48. Kf3 Rd3+ 49. Kg2 Rd2+ 50. Kf3 Rd3+ 51. Ke2 Rb3 52.
Ra7+ Kg8 53. Ra5 Kf7 54. Ra7+ Ke6 55. Ra6+ Kf7 56. Kd2 Rb5 57. Ke3 f5 58. Nf2
Nf6 59. exf5 Rxf5 60. Ne4 Nxe4 61. Kxe4 Rf2 62. h4 Re2+ 63. Kf4 Rf2+ 64. Kg4
Rf5 65. Ra4 Rb5 66. Rf4+ Kg7 67. Rf3 Rh5 68. Kh3 Rc5 69. g4 Rc1 70. g5 Rh1+ 71.
Kg4 Rg1+ 72. Rg3 Rc1 73. Rh3 Rc4+ 74. Kf3 Rc3+ 75. Kg4 Rc4+ 76. Kg3 Rc3+ 77.
Kg2 Rc2+ 78. Kf1 Rc1+ 79. Ke2 Rc4 80. Kd3 1/2-1/2

[Event "NAYCC U14"]
[Site "Kingston CAN"]
[Date "2019.08.20"]
[Round "9.117"]
[White "Shubin, Daniel"]
[Black "Hua, Charles"]
[Result "1/2-1/2"]
[WhiteElo "2041"]
[BlackElo "2062"]
[PlyCount "98"]
[EventDate "2019.08.16"]
[EventType "swiss"]
[EventRounds "9"]
[EventCountry "CAN"]

1. e4 c5 2. Nf3 e6 3. d4 cxd4 4. Nxd4 a6 5. c4 Qc7 6. Nc3 Nf6 7. Qd3 b6 8. Be2
Bb7 9. O-O d6 10. Bg5 Be7 11. Rad1 O-O 12. Nc2 Rd8 13. Qg3 Nxe4 14. Nxe4 Bxe4
15. Qh4 Bxg5 16. Qxe4 Nc6 17. f4 Bf6 18. Bd3 g6 19. g4 Ne7 20. Ne3 Qc5 21. b4
Qd4 22. Qf3 Qc3 23. f5 Rf8 24. Kh1 Bg5 25. f6 Nc6 26. Qxc6 Bxe3 27. Rf3 Qd4 28.
Qe4 Bf2 29. Qxd4 Bxd4 30. Be4 d5 31. cxd5 e5 32. Rc1 Rac8 33. Rc6 Ra8 34. Rf1
a5 35. bxa5 Rxa5 36. Rfc1 Bc5 37. Rd1 Ra7 38. d6 Rd7 39. Rxc5 bxc5 40. Bc6 Ra7
41. d7 Rd8 42. Rd5 h6 43. Rxe5 Raxd7 44. Bxd7 Rxd7 45. Re8+ Kh7 46. Re7 Rd1+
47. Kg2 Kg8 48. Re8+ Kh7 49. Re7 Kg8 1/2-1/2

[Event "NAYCC U14"]
[Site "Kingston CAN"]
[Date "2019.08.20"]
[Round "9.118"]
[White "Modi, Ethan"]
[Black "Craciun, David"]
[Result "1-0"]
[WhiteElo "1980"]
[BlackElo "1949"]
[PlyCount "65"]
[EventDate "2019.08.16"]
[EventType "swiss"]
[EventRounds "9"]
[EventCountry "CAN"]

1. d4 d5 2. c4 e6 3. Nf3 Be7 4. g3 Nf6 5. Bg2 O-O 6. O-O Nbd7 7. Qc2 c6 8. Nbd2
Qc7 9. e4 Nxe4 10. Nxe4 dxe4 11. Qxe4 Nf6 12. Qe2 c5 13. Bf4 Bd6 14. Bxd6 Qxd6
15. Rfd1 Rb8 16. dxc5 Qxc5 17. Ne5 b5 18. b4 Qb6 19. Nc6 Rb7 20. c5 Qa6 21. a4
Nd5 22. Bxd5 exd5 23. axb5 Qxb5 24. Qxb5 Rxb5 25. Rxa7 Be6 26. Rb1 Re8 27. Nd4
Rbb8 28. b5 Rec8 29. c6 Rb6 30. Rba1 Kf8 31. Rb7 Rb8 32. Rxb6 Rxb6 33. Nxe6+
1-0

[Event "NAYCC U14"]
[Site "Kingston CAN"]
[Date "2019.08.20"]
[Round "9.119"]
[White "Li, Dennis"]
[Black "Zhang, Kevin2"]
[Result "1-0"]
[WhiteElo "2151"]
[BlackElo "1795"]
[PlyCount "75"]
[EventDate "2019.08.16"]
[EventType "swiss"]
[EventRounds "9"]
[EventCountry "CAN"]

1. e4 c5 2. Nf3 Nc6 3. Bb5 e5 4. Bxc6 dxc6 5. h3 Bd6 6. O-O Nf6 7. Nc3 O-O 8.
d3 h6 9. Be3 Be6 10. Qe2 Qc7 11. Nh4 Rad8 12. g4 g5 13. Nf5 Bxf5 14. exf5 Nd5
15. Ne4 Qe7 16. Rad1 f6 17. Rfe1 b6 18. a3 Rfe8 19. Qf3 Kg7 20. Kg2 Qf7 21. Rd2
Bb8 22. Red1 Rd7 23. c4 Ne7 24. h4 Rh8 25. Rh1 Rdd8 26. Rh3 Nc8 27. Rd1 Nd6 28.
Ng3 Rdg8 29. Qxc6 Rh7 30. Ne4 Qe7 31. hxg5 hxg5 32. Bxg5 Rf8 33. Rxh7+ Kxh7 34.
Rh1+ Kg7 35. Bh6+ Kf7 36. Bxf8 Qxf8 37. Qd7+ Kg8 38. Qh7# 1-0

[Event "NAYCC U14"]
[Site "Kingston CAN"]
[Date "2019.08.20"]
[Round "9.120"]
[White "Wu, Eric"]
[Black "Zheng, Kevin"]
[Result "1-0"]
[WhiteElo "2080"]
[BlackElo "2058"]
[PlyCount "133"]
[EventDate "2019.08.16"]
[EventType "swiss"]
[EventRounds "9"]
[EventCountry "CAN"]

1. e4 c5 2. Nf3 Nc6 3. d4 cxd4 4. Nxd4 g6 5. Nxc6 bxc6 6. Bc4 Bg7 7. O-O Qc7 8.
Re1 d6 9. c3 Nf6 10. Bf4 e5 11. Bg5 O-O 12. Bb3 Re8 13. c4 Be6 14. Nc3 Nd7 15.
Be3 Rad8 16. Qd3 h6 17. Rad1 Nf6 18. f3 Kh7 19. Qd2 Ng8 20. Qf2 Re7 21. Qh4 Bf6
22. Qf2 Qb7 23. Rd2 Red7 24. Red1 Ne7 25. Na4 Qa6 26. Rd3 Bg7 27. Qd2 Bf8 28.
Qc3 Bg7 29. Qb4 Nc8 30. R1d2 Kg8 31. Kf2 f5 32. c5 d5 33. exd5 Bxd5 34. Bc4 Qb7
35. Bxd5+ cxd5 36. Qxb7 Rxb7 37. Rxd5 Rxd5 38. Rxd5 Ne7 39. Rd6 Kf7 40. b3 f4
41. Bd2 Nf5 42. Rd8 Bf6 43. Rd3 Nd4 44. Nc3 Be7 45. Ne4 a6 46. g3 g5 47. Bc3
fxg3+ 48. hxg3 Rc7 49. b4 a5 50. a3 Ke6 51. Bxd4 exd4 52. Rxd4 Rc8 53. g4 axb4
54. axb4 Bf8 55. Rd3 Rb8 56. Rd4 Rc8 57. Ke3 Be7 58. Nd6 Rc6 59. Nf5 Bf8 60.
Ke4 Rc8 61. Rd5 Rb8 62. Rd4 Rc8 63. Rc4 Rb8 64. b5 Kf6 65. c6 Rxb5 66. c7 Re5+
67. Kd4 1-0

[Event "NAYCC U14"]
[Site "Kingston CAN"]
[Date "2019.08.20"]
[Round "9.121"]
[White "Windram, James"]
[Black "Wang, Paul"]
[Result "1-0"]
[WhiteElo "2064"]
[BlackElo "1977"]
[PlyCount "69"]
[EventDate "2019.08.16"]
[EventType "swiss"]
[EventRounds "9"]
[EventCountry "CAN"]

1. e4 e5 2. Nf3 Nc6 3. Bb5 a6 4. Ba4 Nf6 5. O-O b5 6. Bb3 Be7 7. Re1 O-O 8. a4
Bb7 9. d3 d6 10. Nc3 b4 11. Ne2 d5 12. exd5 Nxd5 13. Ng3 Bf6 14. Ne4 Re8 15.
Nxf6+ Nxf6 16. Bg5 Qd6 17. Qd2 Nd4 18. Nxd4 Qxd4 19. Bxf6 gxf6 20. Re3 Kf8 21.
Rh3 Qg4 22. f3 Qd4+ 23. Kf1 a5 24. Rxh7 Bd5 25. Bxd5 Qxd5 26. b3 Ke7 27. Re1
Rg8 28. Qe3 Qc6 29. Re2 Rad8 30. Rh4 Qd6 31. Rc4 Rh8 32. h3 Qe6 33. Rxc7+ Ke8
34. Qa7 Rxh3 35. gxh3 1-0

[Event "NAYCC U14"]
[Site "Kingston CAN"]
[Date "2019.08.20"]
[Round "9.122"]
[White "Zhang, Samuel"]
[Black "Richard, Leo"]
[Result "1/2-1/2"]
[WhiteElo "2048"]
[BlackElo "1940"]
[PlyCount "75"]
[EventDate "2019.08.16"]
[EventType "swiss"]
[EventRounds "9"]
[EventCountry "CAN"]

1. e4 c5 2. Nf3 Nc6 3. d4 cxd4 4. Nxd4 Nf6 5. Nc3 e5 6. Ndb5 d6 7. Bg5 a6 8.
Na3 b5 9. Bxf6 gxf6 10. Nd5 f5 11. c3 Bg7 12. g3 Rb8 13. Nc2 O-O 14. exf5 Bxf5
15. Bg2 a5 16. Nce3 Be6 17. O-O Ne7 18. Rc1 Ng6 19. h4 f5 20. h5 Ne7 21. f4 Qd7
22. b3 Nxd5 23. Bxd5 Kh8 24. Kh1 Bh6 25. Rc2 Qe7 26. Bxe6 Qxe6 27. Qd5 Qe7 28.
Ng2 Rbd8 29. Re2 Bg7 30. Nh4 Qe8 31. Rh2 Bf6 32. Nxf5 exf4 33. gxf4 Bxc3 34.
Nd4 Qf7 35. Qxf7 Rxf7 36. Nxb5 Bg7 37. h6 Bf8 38. Kg2 1/2-1/2

[Event "NAYCC U14"]
[Site "Kingston CAN"]
[Date "2019.08.20"]
[Round "9.123"]
[White "Lu, Jason"]
[Black "Gao, Raymond"]
[Result "1-0"]
[WhiteElo "2161"]
[BlackElo "2136"]
[PlyCount "69"]
[EventDate "2019.08.16"]
[EventType "swiss"]
[EventRounds "9"]
[EventCountry "CAN"]

1. e4 c5 2. Nf3 d6 3. d4 cxd4 4. Nxd4 Nf6 5. Nc3 a6 6. h3 e6 7. g4 b5 8. g5
Nfd7 9. a3 Bb7 10. Be3 Nc6 11. h4 Rc8 12. h5 Nce5 13. Rh3 Nb6 14. f4 Nec4 15.
Bc1 d5 16. e5 b4 17. axb4 Bxb4 18. Qg4 Qe7 19. g6 hxg6 20. hxg6 Kd7 21. gxf7
Nxb2 22. Bxb2 Rxh3 23. Qxh3 Nc4 24. Bxc4 Rxc4 25. O-O-O Qxf7 26. f5 Qe7 27. Na2
Bc5 28. Nxe6 Ra4 29. Qb3 Bc6 30. Rxd5+ Bxd5 31. Qxd5+ Ke8 32. Qc6+ Kf7 33. Qxa4
Be3+ 34. Kb1 Qb7 35. Nd8+ 1-0

[Event "NAYCC U14"]
[Site "Kingston CAN"]
[Date "2019.08.20"]
[Round "9.124"]
[White "Wu, Lucian"]
[Black "Liu, Harrison"]
[Result "0-1"]
[WhiteElo "1832"]
[BlackElo "1684"]
[PlyCount "72"]
[EventDate "2019.08.16"]
[EventType "swiss"]
[EventRounds "9"]
[EventCountry "CAN"]

1. d4 Nf6 2. c4 g6 3. Nc3 d5 4. cxd5 Nxd5 5. e4 Nxc3 6. bxc3 Bg7 7. Nf3 O-O 8.
Be2 c5 9. O-O Nc6 10. Be3 Bg4 11. e5 Rc8 12. h3 Bxf3 13. Bxf3 Na5 14. Qa4 a6
15. Bg4 e6 16. d5 Bxe5 17. dxe6 f5 18. Bf3 Re8 19. e7 Qc7 20. Bd5+ Kg7 21. Be6
Rb8 22. Bg5 Nc6 23. Rad1 Bf6 24. Bf4 Ne5 25. Bxe5 Qxe5 26. Rfe1 Qxc3 27. Qf4
Bxe7 28. Bd7 Bg5 29. Rxe8 Bxf4 30. Re7+ Kh8 31. Ba4 b5 32. Rdd7 bxa4 33. Rxh7+
Kg8 34. g3 Bxg3 35. Rhe7 Bh4 36. Re6 Bf6 0-1

[Event "NAYCC U14"]
[Site "Kingston CAN"]
[Date "2019.08.20"]
[Round "9.125"]
[White "Zhao, Jeffrey Renfei"]
[Black "Mao, Fengxi"]
[Result "1/2-1/2"]
[WhiteElo "1999"]
[BlackElo "2111"]
[PlyCount "38"]
[EventDate "2019.08.16"]
[EventType "swiss"]
[EventRounds "9"]
[EventCountry "CAN"]

1. e4 e5 2. Nf3 Nc6 3. Bc4 Bc5 4. c3 Nf6 5. d3 O-O 6. O-O d5 7. exd5 Nxd5 8.
Re1 Bg4 9. Nbd2 Nb6 10. Ne4 Nxc4 11. Nxc5 Nd6 12. Qe2 Qf6 13. Ne4 Nxe4 14. dxe4
h6 15. Be3 Rfd8 16. Rad1 Rxd1 17. Rxd1 Rd8 18. Rxd8+ Qxd8 19. h3 Bxf3 1/2-1/2

[Event "NAYCC U14"]
[Site "Kingston CAN"]
[Date "2019.08.20"]
[Round "9.126"]
[White "Huang, Ryan"]
[Black "Jeyakumar, Bhavatharshan"]
[Result "1-0"]
[WhiteElo "2024"]
[BlackElo "1731"]
[PlyCount "107"]
[EventDate "2019.08.16"]
[EventType "swiss"]
[EventRounds "9"]
[EventCountry "CAN"]

1. d4 Nf6 2. c4 g6 3. Nc3 d5 4. Nf3 Bg7 5. Qb3 c6 6. cxd5 cxd5 7. Bf4 Nc6 8. e3
O-O 9. Bb5 Bf5 10. Rc1 Na5 11. Qb4 a6 12. Be2 Rc8 13. O-O b5 14. a4 Nc6 15. Qb3
b4 16. Na2 a5 17. Ba6 Na7 18. Bxc8 Nxc8 19. Bc7 Qe8 20. Bxa5 Bd7 21. Rc7 Bxa4
22. Qxb4 Nd6 23. Ne5 Bb5 24. Rfc1 Qb8 25. b3 Nfe4 26. Nc3 Nxc3 27. Qxc3 Ne4 28.
Qb4 Bf6 29. Qa3 Bh4 30. g3 Bf6 31. Bb4 Qb6 32. Bxe7 Bxe7 33. Qxe7 Be8 34. Rc8
Qb5 35. Nxf7 Rxf7 36. Rxe8+ Kg7 37. Qe5+ Kh6 38. Re7 Rxf2 39. Qg7+ Kg5 40. Re5+
Kg4 41. Rxe4+ dxe4 42. Kxf2 Qf5+ 43. Kg1 Qf3 44. Qd7+ Kg5 45. Qe7+ Kg4 46. Qh4+
Kf5 47. Rc5+ Ke6 48. Re5+ Kf7 49. Qxh7+ Kf8 50. Qh8+ Kf7 51. Qe8+ Kg7 52. Re7+
Kh6 53. Qh8+ Kg5 54. Re5+ 1-0

[Event "NAYCC U14"]
[Site "Kingston CAN"]
[Date "2019.08.20"]
[Round "9.127"]
[White "Stoilov, Vadym"]
[Black "Chakkoli, Anirud"]
[Result "1-0"]
[WhiteElo "1626"]
[BlackElo "1769"]
[PlyCount "81"]
[EventDate "2019.08.16"]
[EventType "swiss"]
[EventRounds "9"]
[EventCountry "CAN"]

1. e4 c5 2. Nf3 d6 3. c3 Nf6 4. Bd3 Nc6 5. O-O e6 6. Re1 Be7 7. Bc2 e5 8. d3 h6
9. Nbd2 Be6 10. Nf1 Qc7 11. Ng3 O-O-O 12. d4 d5 13. exd5 Bxd5 14. dxe5 Bxf3 15.
Qxf3 Nxe5 16. Qf5+ Nfd7 17. Bf4 Bd6 18. Bxe5 Bxe5 19. Qxf7 Kb8 20. Rad1 Rhf8
21. Qc4 Rde8 22. Be4 h5 23. Bg6 h4 24. Qxh4 Re6 25. Qg4 Qb6 26. Bf5 Nf6 27.
Qxg7 Rg8 28. Qxg8+ Nxg8 29. Bxe6 Qxe6 30. f4 Qxa2 31. fxe5 Ne7 32. Re2 Nd5 33.
e6 Ne7 34. Rd7 Qb1+ 35. Nf1 Qh7 36. Rf2 Qg7 37. Rf7 Qg5 38. Rfxe7 a5 39. Rxb7+
Ka8 40. Ra7+ Kb8 41. Reb7+ 1-0

[Event "NAYCC U14 w"]
[Site "Kingston CAN"]
[Date "2019.08.16"]
[Round "1.142"]
[White "Ke, Rianne"]
[Black "Bilodeau-Savaria, Sandy-Rose"]
[Result "1-0"]
[WhiteElo "2062"]
[BlackElo "1436"]
[PlyCount "57"]
[EventDate "2019.08.16"]
[EventType "swiss"]
[EventRounds "9"]
[EventCountry "CAN"]

1. e4 c5 2. Nf3 e6 3. d4 cxd4 4. Nxd4 Nc6 5. Nc3 Qc7 6. Be3 a6 7. Be2 Nf6 8. a3
Be7 9. O-O O-O 10. f4 d6 11. Bf3 Bd7 12. Qe1 Rac8 13. Rd1 Rfd8 14. Qf2 Qb8 15.
g4 e5 16. Nf5 Bxf5 17. exf5 exf4 18. Bxf4 Ne5 19. g5 Nfd7 20. Bd5 Qc7 21. Qg2
b5 22. g6 hxg6 23. fxg6 Bf6 24. gxf7+ Nxf7 25. Bxd6 Qa7+ 26. Kh1 Nb6 27. Be6
Nd7 28. Nd5 Qb6 29. Nxb6 1-0

[Event "NAYCC U14 w"]
[Site "Kingston CAN"]
[Date "2019.08.16"]
[Round "1.143"]
[White "Sandoval Rivera, Alejandra"]
[Black "Tsukerman, Julia"]
[Result "0-1"]
[WhiteElo "1530"]
[BlackElo "1830"]
[PlyCount "66"]
[EventDate "2019.08.16"]
[EventType "swiss"]
[EventRounds "9"]
[EventCountry "CAN"]

1. d4 Nf6 2. Bf4 e6 3. e3 d5 4. Nd2 c5 5. c3 Nc6 6. Ngf3 Bd6 7. Ne5 Qc7 8. Ndf3
O-O 9. h3 Ne4 10. Nd3 cxd4 11. Bxd6 Qxd6 12. exd4 b5 13. a3 a5 14. Nd2 e5 15.
dxe5 Nxe5 16. Nxe4 dxe4 17. Nxe5 Qxe5 18. Qe2 Ba6 19. Qe3 f5 20. Be2 f4 21. Qc1
f3 22. Bf1 Rf6 23. Qe3 Rd8 24. g3 Rfd6 25. b3 Qd5 26. Qc1 Qxb3 27. Be2 fxe2 28.
Kxe2 Qc4+ 29. Ke1 b4 30. Qb2 bxc3 31. Qc2 Rd2 32. Qxd2 Rxd2 33. h4 Qe2# 0-1

[Event "NAYCC U14 w"]
[Site "Kingston CAN"]
[Date "2019.08.16"]
[Round "1.144"]
[White "Wisniowski, Natalie"]
[Black "Xie, Joanna"]
[Result "1-0"]
[WhiteElo "1901"]
[BlackElo "1487"]
[PlyCount "95"]
[EventDate "2019.08.16"]
[EventType "swiss"]
[EventRounds "9"]
[EventCountry "CAN"]

1. d4 d5 2. c4 c6 3. Nf3 Bf5 4. g3 Nf6 5. Nc3 e6 6. Nh4 Bg4 7. h3 Bh5 8. g4 Bg6
9. g5 Ne4 10. Nxg6 Nxc3 11. bxc3 fxg6 12. h4 Nd7 13. Bg2 Qc7 14. e4 Nb6 15. c5
Nc4 16. Qg4 Qf7 17. O-O Be7 18. Bh3 O-O-O 19. Qxe6+ Qxe6 20. Bxe6+ Kb8 21. Bf4+
Ka8 22. exd5 cxd5 23. Bc7 Rdf8 24. Bxd5 Nd2 25. c6 b6 26. Be5 a6 27. Rfe1 Rd8
28. Bg2 Rc8 29. Bxg7 Rhe8 30. Rad1 Nc4 31. c7+ Ka7 32. Bc6 Nd6 33. Bxe8 Rxe8
34. c4 Kb7 35. Bf6 Bxf6 36. gxf6 Rf8 37. Re7 Rxf6 38. c5 Nc8 39. Rxh7 bxc5 40.
dxc5 Na7 41. Rd6 Rxd6 42. cxd6 Nb5 43. Rd7 a5 44. Rd8 Na7 45. Rb8+ Kc6 46.
c8=Q+ Nxc8 47. Rxc8+ Kxd6 48. Rg8 1-0

[Event "NAYCC U14 w"]
[Site "Kingston CAN"]
[Date "2019.08.16"]
[Round "1.145"]
[White "Iver, Mantra"]
[Black "Parikh, Ananya"]
[Result "0-1"]
[WhiteElo "1708"]
[BlackElo "1625"]
[PlyCount "56"]
[EventDate "2019.08.16"]
[EventType "swiss"]
[EventRounds "9"]
[EventCountry "CAN"]

1. e4 c5 2. Nf3 e6 3. d4 cxd4 4. Nxd4 a6 5. Bd3 Nc6 6. Nxc6 dxc6 7. O-O Bc5 8.
Nc3 Qc7 9. Kh1 Nf6 10. f4 h5 11. Be2 e5 12. f5 b5 13. Bg5 Nh7 14. Qd2 b4 15.
Na4 Bd4 16. c3 bxc3 17. bxc3 Ba7 18. Rad1 Nf6 19. Bxf6 gxf6 20. Qd6 Qxd6 21.
Rxd6 Bb7 22. Rfd1 c5 23. Bxa6 Bxe4 24. Rxf6 Bc2 25. Bb5+ Kf8 26. Rd2 Rh7 27. h3
e4 28. Rfd6 Rb8 0-1

[Event "NAYCC U14 w"]
[Site "Kingston CAN"]
[Date "2019.08.16"]
[Round "1.146"]
[White "Cao, Joy"]
[Black "Liao, Yilin"]
[Result "1-0"]
[WhiteElo "1905"]
[BlackElo "1485"]
[PlyCount "53"]
[EventDate "2019.08.16"]
[EventType "swiss"]
[EventRounds "9"]
[EventCountry "CAN"]

1. e4 d5 2. exd5 Qxd5 3. Nc3 Qa5 4. d4 Nf6 5. Bd2 c6 6. Nf3 Qc7 7. h3 Bf5 8.
Bc4 e6 9. O-O Bd6 10. Re1 O-O 11. Nh4 Bg6 12. Nxg6 hxg6 13. Bg5 Nbd7 14. Qd2
Kh7 15. Ne4 Nh5 16. Nxd6 Qxd6 17. Re4 Rh8 18. Rae1 Nb6 19. Bb3 Nd5 20. c4 Nc7
21. Qd1 Kg8 22. Qf3 Rf8 23. Rh4 Ne8 24. d5 Nhf6 25. dxe6 fxe6 26. c5 Qe7 27.
Rxe6 1-0

[Event "NAYCC U14 w"]
[Site "Kingston CAN"]
[Date "2019.08.16"]
[Round "1.147"]
[White "Szeto, Sophie"]
[Black "He, Jiaqi"]
[Result "1/2-1/2"]
[WhiteElo "1401"]
[BlackElo "1483"]
[PlyCount "90"]
[EventDate "2019.08.16"]
[EventType "swiss"]
[EventRounds "9"]
[EventCountry "CAN"]

1. e4 e5 2. Nf3 Nc6 3. Bc4 Bc5 4. b4 Bxb4 5. c3 Ba5 6. d4 exd4 7. O-O Nge7 8.
cxd4 d6 9. Ng5 d5 10. exd5 Nxd5 11. Nxf7 Kxf7 12. Qf3+ Qf6 13. Bxd5+ Be6 14.
Bxe6+ Kxe6 15. d5+ Ke7 16. Qxf6+ gxf6 17. dxc6 bxc6 18. Bd2 Bb6 19. Re1+ Kf7
20. Na3 Rhe8 21. Nc4 Rxe1+ 22. Rxe1 Rd8 23. Bc3 Rd3 24. Bb2 Rd5 25. Nxb6 cxb6
26. Bc1 c5 27. Bf4 a6 28. Kf1 b5 29. Re3 b4 30. a3 a5 31. axb4 cxb4 32. Ke2 a4
33. Rd3 Rc5 34. Rd7+ Kg6 35. g4 b3 36. h4 h5 37. gxh5+ Kxh5 38. Rh7+ Kg4 39.
Bd6 Rc2+ 40. Kd1 Rxf2 41. Rg7+ Kh5 42. Rb7 b2 43. Ba3 Rf1+ 44. Kc2 Rc1+ 45.
Kxb2 Rh1 1/2-1/2